[Event "CRO-chT1B 32nd"]
[Site "Veli Losinj"]
[Date "2024.10.08"]
[Round "4.3"]
[White "Jakrlin, Mihael"]
[Black "Golubovic, Boris"]
[Result "1/2-1/2"]
[WhiteElo "2132"]
[BlackElo "2321"]
[PlyCount "54"]
[EventDate "2024.10.05"]
[EventType "team-tourn"]
[EventRounds "9"]
[EventCountry "CRO"]
[SourceTitle "CB47_2024"]
[SourceDate "2024.11.20"]
[SourceVersion "1"]
[SourceVersionDate "2024.11.20"]
[SourceQuality "1"]
[WhiteTeam "Rijeka Junior"]
[BlackTeam "Rijeka Rijeka"]
[WhiteTeamCountry "CRO"]
[BlackTeamCountry "CRO"]

1. c4 e6 2. d4 Nf6 3. Nf3 d5 4. g3 Be7 5. Bg2 0-0 6. 0-0 c6 7. Qc2 b6 8. Nbd2 Bb7 9. Rd1 Nbd7 10. e4 dxc4 11. Nxc4 c5 12. Nfe5 cxd4 13. Rxd4 Bc5 14. Rd1 Qe7 15. Bg5 Nxe5 16. Nxe5 Rfd8 17. Ng4 h5 18. Ne3 Bxe3 19. fxe3 Rxd1+ 20. Rxd1 Rc8 21. Qf2 Qc5 22. Bxf6 gxf6 23. Rf1 Qe5 24. Qxf6 Qxf6 25. Rxf6 Rc2 26. Rf2 Rc1+ 27. Rf1 Rc2 1/2-1/2

[Event "SLO-chT 34th"]
[Site "Grosuplje"]
[Date "2024.09.29"]
[Round "3.2"]
[White "Golubovic, Boris"]
[Black "Jelen, Igor"]
[Result "1/2-1/2"]
[WhiteElo "2321"]
[BlackElo "2305"]
[PlyCount "72"]
[EventDate "2024.09.27"]
[EventType "team-tourn"]
[EventRounds "9"]
[EventCountry "SLO"]
[SourceTitle "CB40_2024"]
[Source "Chessbase"]
[SourceDate "2024.10.02"]
[SourceVersion "1"]
[SourceVersionDate "2024.10.02"]
[SourceQuality "1"]
[WhiteTeam "Kranj Tomo Zupan"]
[BlackTeam "Ig"]
[WhiteTeamCountry "SLO"]
[BlackTeamCountry "SLO"]

1. c4 Nf6 2. Nf3 c5 3. Nc3 d5 4. cxd5 Nxd5 5. e4 Nxc3 6. dxc3 Qxd1+ 7. Kxd1 f6 8. Be3 e5 9. Nd2 Be6 10. a4 Be7 11. Bc4 Kf7 12. Ke2 Rd8 13. Bxe6+ Kxe6 14. Nc4 b6 15. g4 Nc6 16. Rhd1 Rxd1 17. Rxd1 Rd8 18. Rxd8 Nxd8 19. f3 g5 20. Kd3 Nc6 21. Bf2 Bd8 22. h4 h6 23. h5 a6 24. Ne3 Be7 25. Nd5 Bd8 26. b4 cxb4 27. cxb4 b5 28. a5 Be7 29. Nc7+ Kd7 30. Nxa6 Bxb4 31. Nxb4 Nxb4+ 32. Kc3 Na6 33. Bb6 Ke7 34. Kb3 Kd7 35. Kc3 Ke7 36. Kb3 Kd7 1/2-1/2

[Event "SLO-chT 34th"]
[Site "Grosuplje"]
[Date "2024.09.27"]
[Round "1.2"]
[White "Golubovic, Boris"]
[Black "Zadravec, Matija"]
[Result "0-1"]
[WhiteElo "2321"]
[BlackElo "2273"]
[PlyCount "94"]
[EventDate "2024.09.27"]
[EventType "team-tourn"]
[EventRounds "9"]
[EventCountry "SLO"]
[SourceTitle "CB40_2024"]
[Source "Chessbase"]
[SourceDate "2024.10.02"]
[SourceVersion "1"]
[SourceVersionDate "2024.10.02"]
[SourceQuality "1"]
[WhiteTeam "Kranj Tomo Zupan"]
[BlackTeam "Gornja Radgona"]
[WhiteTeamCountry "SLO"]
[BlackTeamCountry "SLO"]

1. Nf3 c5 2. c4 Nc6 3. Nc3 g6 4. e3 Nf6 5. d4 cxd4 6. exd4 d5 7. cxd5 Nxd5 8. Qb3 Nxc3 9. Bc4 Nd5 10. Bxd5 e6 11. Be4 Bb4+ 12. Kf1 Be7 13. Be3 0-0 14. h4 h5 15. Rd1 Bf6 16. Bg5 Bxg5 17. hxg5 Bd7 18. g3 Na5 19. Qe3 Nc4 20. Qf4 Qe7 21. g4 e5 22. Nxe5 Nxe5 23. Qxe5 Qxe5 24. dxe5 Bxg4 25. f3 Be6 26. Kf2 Rac8 27. Rd6 Kg7 28. Kg3 Rc5 29. Kf4 b6 30. a3 Re8 31. Re1 Kf8 32. b4 Rc4 33. Red1 Ke7 34. Rc6 Rc8 35. b5 R8xc6 36. bxc6 Bf5 37. Rd6 h4 38. Ke3 Bxe4 39. fxe4 h3 40. Kf3 Rc2 41. Kg3 h2 42. Rd1 Rxc6 43. Kxh2 Rc3 44. a4 Rc4 45. a5 Rxe4 46. axb6 axb6 47. Kg3 Rxe5 0-1

[Event "HUN-ch Rapid"]
[Site "Ajka"]
[Date "2024.07.21"]
[Round "10"]
[White "Golubovic, Boris"]
[Black "Foldes, Marton Gabor"]
[Result "0-1"]
[WhiteElo "2321"]
[BlackElo "2165"]
[PlyCount "65"]
[EventDate "2024.07.20"]
[EventType "swiss (rapid)"]
[EventRounds "11"]
[EventCountry "HUN"]
[SourceTitle "CBM 221 Extra"]
[Source "ChessBase"]
[SourceDate "2024.09.30"]
[SourceVersion "1"]
[SourceVersionDate "2024.09.30"]
[SourceQuality "1"]

1. c4 Nf6 2. Nc3 c5 3. Nf3 Nc6 4. e3 e5 5. a3 d5 6. cxd5 Nxd5 7. Qc2 Nxc3 8. dxc3 Be7 9. e4 0-0 10. Be3 f5 11. Rd1 Qe8 12. exf5 Bxf5 13. Bd3 Qg6 14. Bxf5 Rxf5 15. 0-0 Raf8 16. Nd2 Rxf2 17. Qxg6 Rxf1+ 18. Nxf1 hxg6 19. Rd7 Rb8 20. b4 cxb4 21. axb4 a6 22. Ba7 Nxa7 23. Rxe7 Nc6 24. Rc7 Rd8 25. Rxb7 Rd3 26. c4 Rb3 27. b5 Na5 28. Rb8+ Kh7 29. Nd2 Rb2 30. Ne4 Nxc4 31. h4 g5 32. Nxg5+ Kg6 33. Rb6+ 0-1

[Event "HUN-ch Rapid"]
[Site "Ajka"]
[Date "2024.07.21"]
[Round "8"]
[White "Golubovic, Boris"]
[Black "Urhegyi, Marton"]
[Result "1/2-1/2"]
[WhiteElo "2321"]
[BlackElo "2200"]
[PlyCount "89"]
[EventDate "2024.07.20"]
[EventType "swiss (rapid)"]
[EventRounds "11"]
[EventCountry "HUN"]
[SourceTitle "CBM 221 Extra"]
[Source "ChessBase"]
[SourceDate "2024.09.30"]
[SourceVersion "1"]
[SourceVersionDate "2024.09.30"]
[SourceQuality "1"]

1. c4 c5 2. Nc3 Nc6 3. Nf3 g6 4. e3 Nf6 5. d4 cxd4 6. exd4 d5 7. cxd5 Nxd5 8. Qb3 Nxc3 9. Bc4 Nd5 10. Bxd5 e6 11. Bxc6+ bxc6 12. 0-0 f6 13. Bf4 Qb6 14. Qc2 Kf7 15. Rac1 Bd7 16. Be3 Qa5 17. b3 Bd6 18. Nd2 Qh5 19. f4 Rhb8 20. Ne4 Be7 21. Nc5 Bc8 22. f5 gxf5 23. Rf3 Rb5 24. Rh3 Qg6 25. Rh6 Qg7 26. Qe2 Bxc5 27. dxc5 Bd7 28. Qh5+ Kg8 29. Qh4 Rf8 30. Qc4 Kh8 31. Rh3 Rg8 32. Rg3 Qe7 33. Rd1 Rb7 34. Rxg8+ Kxg8 35. Rd6 Qg7 36. Qd3 Qf7 37. Bd2 Rc7 38. Ba5 e5 39. Qa6 Rb7 40. Qxb7 Be8 41. Qxf7+ Kxf7 42. a3 f4 43. b4 Kg7 44. Bd8 Kf7 45. g3 1/2-1/2

[Event "HUN-ch Blitz"]
[Site "Ajka"]
[Date "2024.07.19"]
[Round "3"]
[White "Erdos, Viktor"]
[Black "Golubovic, Boris"]
[Result "1/2-1/2"]
[WhiteElo "2539"]
[BlackElo "2321"]
[PlyCount "64"]
[EventDate "2024.07.19"]
[EventType "swiss (blitz)"]
[EventRounds "13"]
[EventCountry "HUN"]
[SourceTitle "CBM 221 Extra"]
[Source "ChessBase"]
[SourceDate "2024.09.30"]
[SourceVersion "1"]
[SourceVersionDate "2024.09.30"]
[SourceQuality "1"]

1. Nf3 d5 2. d4 e6 3. c4 a6 4. cxd5 exd5 5. Nc3 c6 6. Qb3 Bd6 7. e4 dxe4 8. Ng5 Nh6 9. Bc4 0-0 10. a4 Nd7 11. Ncxe4 Nf6 12. Nxd6 Qxd6 13. 0-0 Nd5 14. Ne4 Qg6 15. Nc5 Nf5 16. Bxd5 cxd5 17. Qxd5 Qf6 18. Be3 Rd8 19. Qe4 Nd6 20. Qe5 Qxe5 21. dxe5 Nc4 22. Bg5 Re8 23. f4 b6 24. Ne4 Bb7 25. Nd6 Nxd6 26. exd6 f6 27. Bh4 Rad8 28. Rad1 Re6 29. d7 Re7 30. Bf2 Rexd7 31. Rxd7 Rxd7 32. Bxb6 Rd2 1/2-1/2

[Event "HUN-ch Blitz"]
[Site "Ajka"]
[Date "2024.07.19"]
[Round "4"]
[White "Golubovic, Boris"]
[Black "Jovanovic, Zoran"]
[Result "0-1"]
[WhiteElo "2321"]
[BlackElo "2525"]
[PlyCount "73"]
[EventDate "2024.07.19"]
[EventType "swiss (blitz)"]
[EventRounds "13"]
[EventCountry "HUN"]
[SourceTitle "CBM 221 Extra"]
[Source "ChessBase"]
[SourceDate "2024.09.30"]
[SourceVersion "1"]
[SourceVersionDate "2024.09.30"]
[SourceQuality "1"]

1. c4 d6 2. Nc3 e5 3. g3 g6 4. Bg2 Bg7 5. e3 c5 6. Nge2 Nc6 7. d3 Nge7 8. 0-0 0-0 9. a3 a5 10. b3 Rb8 11. Bb2 Be6 12. Nd5 b5 13. Qc2 Qd7 14. Nec3 b4 15. axb4 Nxb4 16. Nxb4 axb4 17. Nd5 Nxd5 18. cxd5 Bh3 19. Ra6 Bxg2 20. Kxg2 Ra8 21. Rxa8 Rxa8 22. e4 f5 23. Ra1 Rxa1 24. Bxa1 Qa7 25. Qb1 fxe4 26. dxe4 Qa6 27. Bb2 Qe2 28. Bc1 h5 29. h4 Bf6 30. Be3 Kf7 31. Qa1 Qd3 32. Qa7+ Kg8 33. Qb8+ Kh7 34. Qxd6 Qxe4+ 35. Kh2 Qf5 36. Qxc5 g5 37. hxg5 0-1

[Event "HUN-ch Blitz"]
[Site "Ajka"]
[Date "2024.07.19"]
[Round "8"]
[White "Golubovic, Boris"]
[Black "Kantor, Gergely"]
[Result "0-1"]
[WhiteElo "2321"]
[BlackElo "2520"]
[PlyCount "79"]
[EventDate "2024.07.19"]
[EventType "swiss (blitz)"]
[EventRounds "13"]
[EventCountry "HUN"]
[SourceTitle "CBM 221 Extra"]
[Source "ChessBase"]
[SourceDate "2024.09.30"]
[SourceVersion "1"]
[SourceVersionDate "2024.09.30"]
[SourceQuality "1"]

1. c4 e5 2. Nc3 Bb4 3. Nd5 a5 4. g3 Nf6 5. Nxb4 axb4 6. Bg2 c5 7. e3 Nc6 8. Ne2 0-0 9. 0-0 d6 10. d4 e4 11. b3 Bg4 12. Bb2 cxd4 13. exd4 d5 14. h3 Bh5 15. Qd2 dxc4 16. bxc4 Bxe2 17. Qxe2 Nxd4 18. Qd1 Ne6 19. Qxd8 Rfxd8 20. Bxf6 gxf6 21. Bxe4 Rd2 22. Bxb7 Raxa2 23. Rxa2 Rxa2 24. Rb1 Nc5 25. Rxb4 Nd3 26. Rb1 Nxf2 27. Bg2 Nd3 28. Bd5 Rc2 29. Rb7 Ne5 30. h4 h5 31. Kf1 Kg7 32. Rc7 f5 33. c5 Rd2 34. Bg2 Ng4 35. Bf3 Nh2+ 36. Ke1 Nxf3+ 37. Kf1 Nd4 38. c6 Nxc6 39. Rd7 Kg6 40. Rd5 0-1

[Event "HUN-ch Blitz"]
[Site "Ajka"]
[Date "2024.07.19"]
[Round "6"]
[White "Golubovic, Boris"]
[Black "Onyshchuk, Volodymyr"]
[Result "1/2-1/2"]
[WhiteElo "2321"]
[BlackElo "2610"]
[PlyCount "97"]
[EventDate "2024.07.19"]
[EventType "swiss (blitz)"]
[EventRounds "13"]
[EventCountry "HUN"]
[SourceTitle "CBM 221 Extra"]
[Source "ChessBase"]
[SourceDate "2024.09.30"]
[SourceVersion "1"]
[SourceVersionDate "2024.09.30"]
[SourceQuality "1"]

1. c4 d6 2. Nc3 g6 3. g3 Bg7 4. Bg2 Nf6 5. e3 0-0 6. Nge2 e5 7. 0-0 Re8 8. d3 Nc6 9. b3 Be6 10. Nd5 Bd7 11. Bb2 Nxd5 12. cxd5 Ne7 13. d4 Nf5 14. dxe5 dxe5 15. Rc1 Nd6 16. Qd2 a5 17. a4 b6 18. Nc3 f5 19. Ba3 Bf8 20. Bb2 Rc8 21. Rfd1 Bg7 22. Ba3 h5 23. Bxd6 cxd6 24. Nb5 Bxb5 25. axb5 Rc5 26. Rxc5 bxc5 27. Ra1 e4 28. Rxa5 Be5 29. h4 Qc7 30. Qa2 g5 31. Ra8 Rxa8 32. Qxa8+ Kg7 33. hxg5 c4 34. Qc6 Qxc6 35. bxc6 cxb3 36. c7 b2 37. c8Q b1Q+ 38. Kh2 h4 39. Qxf5 hxg3+ 40. fxg3 Qe1 41. Qxe4 Qxg3+ 42. Kg1 Qxg5 43. Kf1 Qh5 44. Qf3 Qg6 45. Qe4 Qh6 46. Qg4+ Kf8 47. Qc8+ Kg7 48. Qg4+ Qg6 49. Qxg6+ 1/2-1/2

[Event "Cambridge op 2nd"]
[Site "Cambridge"]
[Date "2024.02.21"]
[Round "4"]
[White "Golubovic, Boris"]
[Black "Sivanandan, Bodhana"]
[Result "1-0"]
[WhiteElo "2342"]
[BlackElo "1898"]
[PlyCount "123"]
[EventDate "2024.02.19"]
[EventType "swiss"]
[EventRounds "9"]
[EventCountry "ENG"]
[SourceTitle "CBM 218 Extra"]
[Source "ChessBase"]
[SourceDate "2024.03.31"]
[SourceVersion "1"]
[SourceVersionDate "2024.03.31"]
[SourceQuality "1"]

1. c4 c6 2. Nf3 Nf6 3. Nc3 d5 4. e3 e6 5. d4 Nbd7 6. Be2 Bd6 7. 0-0 0-0 8. Qc2 dxc4 9. Bxc4 b5 10. Be2 Bb7 11. Rd1 Qe7 12. h3 Rad8 13. e4 e5 14. dxe5 Nxe5 15. Nd4 Ng6 16. Nf5 Qe6 17. Nxd6 Rxd6 18. Rxd6 Qxd6 19. Be3 a6 20. Rd1 Qe5 21. b4 Re8 22. Bf1 h6 23. f3 Nh5 24. Ne2 Ngf4 25. Nxf4 Nxf4 26. Qc5 Qxc5 27. Bxc5 Ne6 28. Bb6 Kf8 29. Kf2 Ke7 30. Ke3 g6 31. f4 f5 32. Bd3 fxe4 33. Bxe4 Rg8 34. g4 h5 35. g5 h4 36. Bc5+ Nxc5 37. bxc5 Bc8 38. Bxc6 Bxh3 39. Rh1 Bd7 40. Bxd7 Kxd7 41. Rxh4 Kc6 42. f5 gxf5 43. Kf4 Kxc5 44. Kxf5 a5 45. g6 b4 46. Kf6 a4 47. g7 b3 48. a3 b2 49. Rb4 Ra8 50. Rxb2 Kc4 51. Rb4+ Kc3 52. Kf7 Ra7+ 53. Kg6 Ra8 54. Kh7 Ra7 55. Kh8 Rxg7 56. Kxg7 Kc2 57. Kf6 Kc3 58. Ke5 Kc2 59. Kd4 Kd1 60. Kd3 Kc1 61. Rb5 Kd1 62. Rb1# 1-0

[Event "Cambridge op 2nd"]
[Site "Cambridge"]
[Date "2024.02.21"]
[Round "5"]
[White "Woltery, Nicolai"]
[Black "Golubovic, Boris"]
[Result "1/2-1/2"]
[WhiteElo "1979"]
[BlackElo "2342"]
[PlyCount "52"]
[EventDate "2024.02.19"]
[EventType "swiss"]
[EventRounds "9"]
[EventCountry "ENG"]
[SourceTitle "CBM 218 Extra"]
[Source "ChessBase"]
[SourceDate "2024.03.31"]
[SourceVersion "1"]
[SourceVersionDate "2024.03.31"]
[SourceQuality "1"]

1. c4 Nf6 2. Nc3 g6 3. g3 c6 4. d4 d5 5. cxd5 cxd5 6. Bg2 Bg7 7. Nf3 0-0 8. 0-0 e6 9. Bf4 Bd7 10. Qb3 Bc6 11. Ne5 Nfd7 12. Nf3 Nb6 13. Be5 f6 14. Bxb8 Rxb8 15. Nd2 f5 16. e3 g5 17. Ne2 Qd6 18. Rfe1 Kh8 19. a4 Nd7 20. Qa3 Qxa3 21. Rxa3 Rfc8 22. Raa1 Bf8 23. Reb1 Bb4 24. Nf3 h6 25. h4 g4 26. Ne1 Kg7 1/2-1/2

[Event "EU-ch Blitz"]
[Site "Zagreb"]
[Date "2023.12.16"]
[Round "12"]
[White "Sebenik, Matej"]
[Black "Golubovic, Boris"]
[Result "0-1"]
[WhiteElo "2534"]
[BlackElo "2356"]
[PlyCount "128"]
[EventDate "2023.12.16"]
[EventType "swiss (blitz)"]
[EventRounds "13"]
[EventCountry "CRO"]
[SourceTitle "CBM 217 Extra"]
[Source "ChessBase"]
[SourceDate "2024.01.31"]
[SourceVersion "1"]
[SourceVersionDate "2024.01.31"]
[SourceQuality "1"]

1. d4 Nf6 2. Bf4 d5 3. e3 c5 4. Nf3 Nc6 5. Nbd2 cxd4 6. exd4 Bg4 7. c3 Bxf3 8. Nxf3 e6 9. Qb3 Bd6 10. Qxb7 Bxf4 11. Qxc6+ Kf8 12. Qa4 g6 13. Bd3 Kg7 14. 0-0 Qc7 15. Rfe1 Rab8 16. Qc2 h5 17. Qe2 Rb6 18. Ne5 Rhb8 19. Rab1 Bxe5 20. dxe5 Nd7 21. f4 Nc5 22. b3 a5 23. Rbc1 Nxd3 24. Qxd3 Rc6 25. Qd4 Rc8 26. Re3 Qe7 27. h3 Qa3 28. Rc2 a4 29. f5 gxf5 30. Qh4 Qc5 31. Rce2 Kf8 32. Kh2 Ke8 33. Qxh5 Qe7 34. Qf3 axb3 35. axb3 Qc7 36. Rc2 d4 37. Ree2 Rxc3 38. Rxc3 Qxc3 39. Qxc3 Rxc3 40. Rd2 Rxb3 41. Rxd4 Re3 42. h4 Rxe5 43. g4 fxg4 44. Rxg4 Kf8 45. Kg3 f5 46. Rg6 Kf7 47. h5 Re1 48. Rh6 Rh1 49. Rh7+ Kf6 50. Kg2 Rh4 51. Kg3 Rg4+ 52. Kf3 e5 53. Ra7 e4+ 54. Ke3 Rg3+ 55. Kd4 Rd3+ 56. Kc4 Ke5 57. h6 Rh3 58. h7 Kf4 59. Kd4 e3 60. Re7 e2 61. Rxe2 Rxh7 62. Re1 Rd7+ 63. Kc3 Kg3 64. Rg1+ Kf2 0-1

[Event "Dubrovnik Advent op"]
[Site "Dubrovnik"]
[Date "2023.12.01"]
[Round "1"]
[White "Golubovic, Boris"]
[Black "Jozic, Vjekoslav"]
[Result "1-0"]
[WhiteElo "2356"]
[BlackElo "1682"]
[PlyCount "72"]
[EventDate "2023.12.01"]
[EventType "swiss"]
[EventRounds "6"]
[EventCountry "CRO"]
[SourceTitle "CBM 217 Extra"]
[Source "ChessBase"]
[SourceDate "2024.01.31"]
[SourceVersion "1"]
[SourceVersionDate "2024.01.31"]
[SourceQuality "1"]

1. e4 e5 2. Nf3 Nc6 3. d4 exd4 4. Bc4 d6 5. Nxd4 Ne5 6. Bb3 Nf6 7. Nc3 Bg4 8. f3 Bh5 9. Bg5 Be7 10. Nf5 0-0 11. g4 Bg6 12. Nxe7+ Qxe7 13. f4 Nexg4 14. Qxg4 Nxg4 15. Bxe7 Rfe8 16. f5 Bxf5 17. 0-0 Be6 18. Bxe6 fxe6 19. Bg5 a6 20. Bf4 e5 21. Bg5 h6 22. h3 hxg5 23. hxg4 c6 24. Rf5 b5 25. Rxg5 Rad8 26. Rd1 Re6 27. Rf5 b4 28. Na4 Rb8 29. Kg2 Rb5 30. b3 d5 31. Kg3 d4 32. Rd2 g6 33. Rf3 c5 34. Rdf2 c4 35. g5 Rb8 36. bxc4 Rc6 1-0

[Event "Cambridge op"]
[Site "Cambridge"]
[Date "2023.02.16"]
[Round "3"]
[White "Dasgupta, Avyukt"]
[Black "Golubovic, Boris"]
[Result "1/2-1/2"]
[WhiteElo "1888"]
[BlackElo "2349"]
[PlyCount "61"]
[EventDate "2023.02.15"]
[EventType "swiss"]
[EventRounds "9"]
[EventCountry "ENG"]
[SourceTitle "CBM 212 Extra"]
[Source "ChessBase"]
[SourceDate "2023.03.31"]
[SourceVersion "1"]
[SourceVersionDate "2023.03.31"]
[SourceQuality "1"]

1. d4 Nf6 2. Bf4 g6 3. e3 Bg7 4. Nf3 0-0 5. Be2 d6 6. c4 c5 7. Nc3 Nh5 8. d5 Nxf4 9. exf4 e6 10. Qd2 exd5 11. Nxd5 Be6 12. 0-0 Nc6 13. Rad1 Bxd5 14. cxd5 Ne7 15. Bd3 Rb8 16. a4 a6 17. Rfe1 b5 18. axb5 axb5 19. Re2 Qd7 20. Rde1 Bf6 21. Ng5 Nf5 22. Bxf5 Qxf5 23. Ne4 Bd4 24. h3 Kh8 25. Nxd6 Qxd5 26. Ne4 b4 27. Nf6 Qc6 28. Ng4 Rbd8 29. Qc2 Qd5 30. Ne3 Qa8 31. Nc4 1/2-1/2

[Event "Hvar Arsenal op"]
[Site "Hvar"]
[Date "2022.10.13"]
[Round "8"]
[White "Fucak, Emilijo"]
[Black "Golubovic, Boris"]
[Result "1/2-1/2"]
[WhiteElo "2187"]
[BlackElo "2360"]
[PlyCount "45"]
[EventDate "2022.10.08"]
[EventType "swiss"]
[EventRounds "9"]
[EventCountry "CRO"]
[SourceTitle "CBM 210 Extra"]
[Source "ChessBase"]
[SourceDate "2022.11.30"]
[SourceVersion "1"]
[SourceVersionDate "2022.11.30"]
[SourceQuality "1"]

1. d4 d5 2. Nf3 Nf6 3. c4 e6 4. Nc3 Be7 5. Bg5 0-0 6. e3 h6 7. Bh4 Ne4 8. Bxe7 Qxe7 9. Rc1 Nxc3 10. Rxc3 c6 11. Bd3 Nd7 12. 0-0 dxc4 13. Bxc4 e5 14. dxe5 Nxe5 15. Nxe5 Qxe5 16. Qe2 Be6 17. Bxe6 Qxe6 18. a3 Rfd8 19. h3 Rd7 20. Rd1 Rad8 21. Rcd3 Rxd3 22. Rxd3 Rxd3 23. Qxd3 1/2-1/2

[Event "Hvar Arsenal op"]
[Site "Hvar"]
[Date "2022.10.12"]
[Round "6"]
[White "Zenelaj, Samuel"]
[Black "Golubovic, Boris"]
[Result "1/2-1/2"]
[WhiteElo "2289"]
[BlackElo "2360"]
[PlyCount "46"]
[EventDate "2022.10.08"]
[EventType "swiss"]
[EventRounds "9"]
[EventCountry "CRO"]
[SourceTitle "CBM 210 Extra"]
[Source "ChessBase"]
[SourceDate "2022.11.30"]
[SourceVersion "1"]
[SourceVersionDate "2022.11.30"]
[SourceQuality "1"]

1. e4 c5 2. Nf3 d6 3. d4 cxd4 4. Nxd4 Nf6 5. Nc3 a6 6. Be3 e5 7. Nb3 Be7 8. f3 Be6 9. Qd2 h5 10. a4 Nbd7 11. a5 Rc8 12. Nd5 Nxd5 13. exd5 Bf5 14. c4 Bh4+ 15. g3 Be7 16. Be2 Bh3 17. Kf2 0-0 18. Rhc1 Re8 19. Kg1 Bf8 20. Ra4 g6 21. Rb4 Rc7 22. Bd3 Qc8 23. Be2 Kh7 1/2-1/2

[Event "Hvar Arsenal blitz op"]
[Site "Hvar"]
[Date "2022.10.11"]
[Round "8"]
[White "Golubovic, Boris"]
[Black "Rogic, Davor"]
[Result "1/2-1/2"]
[WhiteElo "2313"]
[BlackElo "2418"]
[PlyCount "36"]
[EventDate "2022.10.11"]
[EventType "swiss (blitz)"]
[EventRounds "11"]
[EventCountry "CRO"]
[SourceTitle "CBM 210 Extra"]
[Source "ChessBase"]
[SourceDate "2022.11.30"]
[SourceVersion "1"]
[SourceVersionDate "2022.11.30"]
[SourceQuality "1"]

1. e4 e5 2. Nf3 Nc6 3. Nc3 Nf6 4. d4 exd4 5. Nxd4 Bb4 6. Nxc6 bxc6 7. Bd3 d5 8. exd5 cxd5 9. 0-0 0-0 10. Bg5 c6 11. Qf3 Be7 12. h3 h6 13. Bf4 Bd6 14. Bxd6 Qxd6 15. Ne2 Re8 16. Ng3 Bd7 17. Nf5 Bxf5 18. Qxf5 Re5 1/2-1/2

[Event "Hvar Arsenal blitz op"]
[Site "Hvar"]
[Date "2022.10.11"]
[Round "5"]
[White "Golubovic, Boris"]
[Black "Tomljanovic, Ivano"]
[Result "1-0"]
[WhiteElo "2313"]
[BlackElo "1885"]
[PlyCount "101"]
[EventDate "2022.10.11"]
[EventType "swiss (blitz)"]
[EventRounds "11"]
[EventCountry "CRO"]
[SourceTitle "CBM 210 Extra"]
[Source "ChessBase"]
[SourceDate "2022.11.30"]
[SourceVersion "1"]
[SourceVersionDate "2022.11.30"]
[SourceQuality "1"]

1. e4 c6 2. c4 d5 3. exd5 cxd5 4. cxd5 Nf6 5. Bb5+ Bd7 6. Bc4 g6 7. Nc3 Bg7 8. d3 0-0 9. Nge2 a6 10. a4 Re8 11. 0-0 Bf5 12. Qb3 Qc8 13. Ng3 Bd7 14. Re1 a5 15. Bf4 Na6 16. Rac1 Nb4 17. Nb5 Na6 18. d6 e6 19. Nc7 Nxc7 20. dxc7 Bc6 21. Bb5 Qd7 22. Ne4 Nd5 23. Nc5 Qe7 24. Bg3 Rec8 25. Ne4 f5 26. Nd2 Nxc7 27. Bxc6 bxc6 28. Rxc6 Nd5 29. Rxc8+ Rxc8 30. h4 Re8 31. Qb5 Nb4 32. Nb3 e5 33. f3 Kh8 34. Nxa5 Nc2 35. Rd1 Nd4 36. Qb7 Ne2+ 37. Kh2 Qe6 38. Bf2 f4 39. Qe4 Nd4 40. Bxd4 exd4 41. Qxe6 Rxe6 42. Nc4 Re2 43. Rd2 Re1 44. b4 Bf6 45. g3 g5 46. gxf4 gxh4 47. Kh3 h5 48. a5 Rh1+ 49. Kg2 Rb1 50. a6 Rxb4 51. Ra2 1-0